| 000 | 00557nam a2200181 i 4500 | ||
|---|---|---|---|
| 001 | 187849 | ||
| 003 | 24237 | ||
| 090 | _a187849 | ||
| 100 | _a20130822d9999 u||y0 y50 zz | ||
| 105 | _a 000yy | ||
| 106 | _ay | ||
| 200 |
_aКраткий словарь по эстетике _eкнига для учителя _fпод ред. М.Ф.Овсянникова |
||
| 210 |
_d1983 _aМ. _cПросвещение |
||
| 215 |
_a223 с. __223 |
||
| 246 | 0 | _bкнига для учителя | |
| 675 | _a111.852 | ||
| 942 |
_2udc _cDICT _j111.852 _z24237 |
||
| 999 |
_c24237 _d24237 |
||